Countries with the least precipitation by continent - Statistics

General Stats
  • This quiz has been taken 84 times
  • The average score is 20 of 25
Answer Stats
Hint mm Answer % Correct
North America 758 Mexico
94%
Asia 59 Saudi Arabia
94%
Africa 89 Algeria
92%
South America 591 Argentina
92%
North America 537 Canada
92%
Africa 51 Egypt
92%
North America 715 United States
92%
South America 1 522 Chile
91%
Africa 56 Libya
90%
Asia 74 Qatar
89%
South America 1 146 Bolivia
87%
South America 1 130 Paraguay
87%
Asia 78 United Arab Emirates
85%
South America 1 300 Uruguay
84%
Asia 83 Bahrain
81%
Europe 565 Ukraine
80%
Asia 111 Jordan
78%
Africa 92 Mauritania
78%
Africa 151 Niger
77%
Europe 460 Russia
77%
Europe 560 Malta
70%
North America 1 292 Bahamas
65%
North America 1 030 Antigua and Barbuda
52%
Europe 536 Finland
52%
Europe 589 Hungary
48%
No matching quizzes found
Score Distribution
Percent of People with Each Score
Percentile by Number Answered
Your Score History
You have not taken this quiz